00740nam a2200241 a 4500001001300000003000900013005001700022008004100039020001000080082001500090100002600105245002300131260003000154300000800184500003500192505007500227650002500302700002600327902000800353942000700361952011500368999001500483nice12345678IN_TiNIC20260116011935.0050524s0000 luca grp 000 0 urd  ac10000a297.5bNAD aNadvi Abul, Hasan Ali aPayam-E-Insaniyat. aLucknowbNami Pressc0000 a99p aincludes index and biblioraphy2 areprinted from"the bulletin of the john rylands library 1927,V.11,No.1 aIslam-Moral Theology1 aNadvi Abul, Hasan Ali bSRS cBK 001040708StackRoom-aHMIbHMId2007-07-03g100.00l0o297.5 NADp05082r2007-07-03v100.00w2005-05-24yBK c4989d4989